000
00348 a2200121 4500
001
ART_2226
005
20260410161724.0
008
260409a
245
1
0
_a
Informática
100
1
_a
Tesoro, José Luis
700
1
_a
Saroka, Raúl Horacio
773
0
_t
Administración de empresas
_g
- Año XVIII, Nº 213 (dic. 1987)
_w
REV2036
999
_c
17199
_d
17199